Maat 197-205 - Statistics

Yleistilastot
  • Tätä visaa on pelattu 55 kertaa
  • Keskiarvotulos 4 / 9
Vastaustilastot
tilanne väestö maa % Oikein
Vapaa liitto Tanskan kanssa 55 800 Grönlanti
78%
Tunnustettu 74% (146) kaikista kansakunnista 4 550 400 Palestiina
68%
Vapaa liitto Tanskan kanssa 49 200 Färsaaret
64%
Afrikkalainen kansakunta, tunnustettu 44 kansakunnalta 586 000 Länsi-Sahara
44%
Vapaa liitto Alankomaiden kanssa 107 400 Aruba
28%
Vapaa liitto Alankomaiden kanssa 154 800 Curaçao
24%
Vapaa liitto Uusi-Seelantiin kanssa 1 500 Niue
20%
Vapaa liitto Uusi-Seelantiin kanssa 19 100 Cookinsaaret
18%
Vapaa liitto Alankomaiden kanssa 38 200 Sint Maarten
18%
Ehtoja vastaavia visoja ei löytynyt
Tulosjakauma
Jokaisen tuloksen saaneiden osuus
Persentiili vastausten määrän mukaan
Tuloshistoriasi
Et ole pelannut tätä visaa